Embedded systems security : (Record no. 26692)

MARC details
000 -LEADER
fixed length control field 00929cam a22002415a 4500
001 - CONTROL NUMBER
control field 17130971
005 - DATE AND TIME OF LATEST TRANSACTION
control field 20201128024340.0
008 - FIXED-LENGTH DATA ELEMENTS--GENERAL INFORMATION
fixed length control field 120123s2012 enka frb 001 0 eng d
020 ## - INTERNATIONAL STANDARD BOOK NUMBER
International Standard Book Number 9780123868862
040 ## - CATALOGING SOURCE
Original cataloging agency BTCTA
Language of cataloging eng
Transcribing agency BTCTA
Modifying agency UKMGB
-- YDXCP
-- BWX
-- YNK
-- CUV
-- CDX
-- NLE
-- DLC
-- EG-ScBUE
082 04 - DEWEY DECIMAL CLASSIFICATION NUMBER
Edition number 22
Classification number 005.8
Item number KLE
100 1# - MAIN ENTRY--PERSONAL NAME
Personal name Kleidermacher, David.
245 10 - TITLE STATEMENT
Title Embedded systems security :
Remainder of title practical methods for safe and secure software and systems development /
Statement of responsibility, etc David Kleidermacher, Mike Kleidermacher.
260 ## - PUBLICATION, DISTRIBUTION, ETC. (IMPRINT)
Place of publication, distribution, etc Oxford ;
-- Waltham :
Name of publisher, distributor, etc Newnes / Elsevier,
Date of publication, distribution, etc 2012.
300 ## - PHYSICAL DESCRIPTION
Extent xx, 396 p. :
Other physical details ill. ;
Dimensions 24 cm.
500 ## - GENERAL NOTE
General note Includes free news online membership.
504 ## - BIBLIOGRAPHY, ETC. NOTE
Bibliography, etc Includes bibliographical references and index.
650 #7 - SUBJECT ADDED ENTRY--TOPICAL TERM
Topical term or geographic name as entry element Computer software
General subdivision Development.
Source of heading or term BUEsh
9 (RLIN) 11535
650 #7 - SUBJECT ADDED ENTRY--TOPICAL TERM
Topical term or geographic name as entry element Computer security.
Source of heading or term BUEsh
9 (RLIN) 2637
653 ## - INDEX TERM--UNCONTROLLED
Resource For college Informatics and Computer Science
Arrived date list May2018
700 1# - ADDED ENTRY--PERSONAL NAME
Personal name Kleidermacher, Mike.
942 ## - ADDED ENTRY ELEMENTS (KOHA)
Source of classification or shelving scheme Dewey Decimal Classification
Holdings
Withdrawn status Item status Source of classification or shelving scheme Damaged status Not for loan Vendor Home library Current library Shelving location Date acquired Source of acquisition Cost, normal purchase price Serial Enumeration / chronology Total Checkouts Full call number Barcode Date last seen Cost, replacement price Koha item type
    Dewey Decimal Classification     Baccah Central Library Central Library Lower Floor 10/05/2018 Purchase 520.00 2000088   005.8 KLE 000047746 15/07/2025 650.00 Book - Borrowing